Catálogo de tesis doctorales 1878-1960

Na minha lista:
Detalhes bibliográficos
Autor Corporativo: Universidad de El Salvador
Formato: Texto
Publicado em: San Salvador: Universitaria
Tags: Adicionar Tag
Sem tags, seja o primeiro a adicionar uma tag!

MARC

LEADER 00000 a a2200000 04500
001 20370
003
040 |a CRAI/IIS  |c CRAI/IIS 
090 |a 084900  
110 |a Universidad de El Salvador  
245 |a Catálogo de tesis doctorales 1878-1960  
260 |a San Salvador:   |b Universitaria  
300 |a 620 p.  
999 |c 17783  |d 17783